International respetive on orgainzational behaviour and human resource Mgt. (Record no. 2886)

MARC details
000 -LEADER
fixed length control field 00431nam a22001697a 4500
005 - DATE AND TIME OF LATEST TRANSACTION
control field 20160616104846.0
008 - FIXED-LENGTH DATA ELEMENTS--GENERAL INFORMATION
fixed length control field 160616b xxu||||| |||| 00| 0 eng d
020 ## - INTERNATIONAL STANDARD BOOK NUMBER
ISBN 81-203-2615-6
041 ## - LANGUAGE CODE
Language code of text/sound track or separate title eng
082 ## - DEWEY DECIMAL CLASSIFICATION NUMBER
Item number 7916
100 ## - MAIN ENTRY--AUTHOR NAME
Personal name Punnett, Betty Jane
245 ## - TITLE STATEMENT
Title International respetive on orgainzational behaviour and human resource Mgt.
260 ## - PUBLICATION, DISTRIBUTION, ETC. (IMPRINT)
Name of publisher phI
300 ## - PHYSICAL DESCRIPTION
Number of Pages 291
650 ## - SUBJECT ADDED ENTRY--TOPICAL TERM
Topical Term Management
942 ## - ADDED ENTRY ELEMENTS (KOHA)
Koha item type Books
Holdings
Lost status Damaged status Home library Date acquired Cost, normal purchase price Full call number Accession Number Koha item type
    JRU Library 16/06/2016 250.00 7916 7916 Books